000 004990000a22001690004500
001 6282
090 _a6282
100 _a20001117d1985 m y0pory5003 ba
101 0 _apor
102 _aPT
200 1 _aFlorbela Espanca
_efotobiografia
_fRui Guedes
210 _aLisboa
_cDom Quixote
_d1985
215 _a264 p.
_cil
675 _a929 Espanca, Florbela
_vBN
_zpor
700 1 _aGuedes
_bRui
_f1946-2001
942 _cMON
_n0
999 _a6282
_bBibliobase - BMTAV
_c2019-01-21